| 000 | 00541nam a2200169 i 4500 | ||
|---|---|---|---|
| 001 | 56456 | ||
| 003 | ES-MaACL | ||
| 005 | 20230906163355.0 | ||
| 007 | t| | ||
| 008 | 031009s1955 sp ||||1| spa d | ||
| 100 | 1 |
_aFenizio, Ferdinando di. _949252 |
|
| 245 | 1 | 0 |
_aEconomía política / _cFerdinando di Fenizio ; traducción y notas por Fabián Estapé. |
| 260 |
_aBarcelona : _bBosch, _c[1955] ( _fClarasó) |
||
| 300 |
_a664 p. : _bil. ; _c24 cm. |
||
| 700 | 1 |
_aEstapé, Fabián ( _d1923-2012) _948011 |
|
| 852 |
_aES-MaACL _jE-1565 _bR.37243 |
||
| 999 |
_c56456 _d56456 |
||